Partizánska

Bibliographic Details
Main Author: Aleksandrov, A. V. (Author)
Format: Book
Language:English
PhysicalDescription:4 s.
Published: Bratislava Povereníctvo SNR pre informácie [s. a.]

MARC

LEADER 00000nam a2200000 a 4500
001 vtls008182285
003 SK-MaSNL
005 20260302074038.0
008 240314 000 0 eng
040 |a SNK  |b slo  |c SNK  |e AACR2 
100 1 |a Aleksandrov, A. V.  |4 aut  |9 739194 
245 1 0 |a Partizánska 
260 |a Bratislava  |b Povereníctvo SNR pre informácie  |c [s. a.] 
300 |a 4 s. 
999 |c 1163414  |d 1165344 
952 |a SNK  |b SNK  |y VYP  |7 0  |p 17A0473691  |o snkHB 1380  |i snk1203/56  |3 Rekatalogizácia  |0 0  |1 0  |4 0  |d 2005-07-01  |l 0  |r 2026-02-24 20:40:21  |w 2026-02-24